=LDR 00000nam 2200000 4500 =001 INLIS000000000005592 =005 20130612093826 =008 ***********************************Ind** =035 ##$$0010-061300000005592 =041 ##$$a Ind =082 ##$$a 131 =090 ##$$a 131, Bos k =100 ##$$a Bosmans, Phil =245 ##$$a Kebahagiaan dimanakah engkau, Phil Bosmans =260 ##$$a 2002 $b Yogyakarta =300 ##$$a 119 hlm., Ilus., 21 cm =650 ##$$a Kebahagiaan